| 000 | 00471nam a2200181Ia 4500 | ||
|---|---|---|---|
| 001 | 10345 | ||
| 005 | 20260306161825.0 | ||
| 008 | 260306t1985||||xx |||||||||||||| ||spa|| | ||
| 041 | _aESP | ||
| 082 |
_a920.2272 _bS69 |
||
| 100 |
_aSosa, Francisco _eAUT |
||
| 245 | 0 |
_aBiografĂas de mexicanos distinguidos: _b(doscientas noventa y cuatro) |
|
| 260 | _c1985 | ||
| 300 |
_axiii, 670 páginas : _c22 cm. |
||
| 650 | _aGEN | ||
| 654 | _aCHU | ||
| 942 |
_cLIB _dJUS _fJUS _2ddc _n |
||
| 999 |
_c10345 _d10345 |
||